000 00511nam a2200157 i 4500
001 83011
003 ES-MaACL
005 20230906174751.0
007 t|
008 041115s1970 sp s ||||1| spa d
245 0 0 _aContabilidad nacional de España
_b: años, 1966, 1967, 1968 y avance de 1969 /
_cInstituto Nacional de Estadística.
260 _a[Madrid :
_bs.n.,
_c1970]
300 _a96 p. ;
_c27 cm.
710 2 _aInstituto Nacional de Estadística (España)
_95162
852 _aES-MaACL
_jC-41381
_bR.74582
999 _c83011
_d83011